| 000 | 00623cam a2200205 a 4500 | ||
|---|---|---|---|
| 001 | 000004937 | ||
| 005 | 20200929151535.0 | ||
| 008 | 030228s2002 pn a 001 p spa | ||
| 020 | _a9962022908 | ||
| 040 |
_aDO-SdBNP _cDLC |
||
| 082 |
_aP861.5 _bJ614v |
||
| 100 | 1 |
_aJiménez Vélez, Victoria _914261 |
|
| 245 | 1 | 0 |
_aVoces, destellos y humus / _cVictoria Jiménez Vélez. |
| 246 | 1 | 3 | _aSobre la libertad y otras ideas. |
| 260 |
_aPanamá : _bAlvarado, _c2002. |
||
| 300 |
_a90 p. : _bil. ; _c22 cm. |
||
| 650 | 4 |
_aPoesía panameña _94260 |
|
| 650 | 4 |
_aLiteratura panameña _94261 |
|
| 910 | _aCatalogación por copia / LC | ||
| 999 |
_c4743 _d4743 |
||